| 000 | 00435cam a22001337a 4500 | ||
|---|---|---|---|
| 008 | 180718b1995 xxu||||| |||| 00| 0 eng d | ||
| 082 | _aO91x54 Sa73 | ||
| 245 |
_aJoint management of proteced areas in India: report of a workshop _cedited by Sarbani Sarkar...[et.al.] |
||
| 260 |
_aDelhi _bIndian Institute of Public Administration _c1995 |
||
| 300 | _a93p. | ||
| 650 | _aManagement | ||
| 650 | _aEnvironment | ||
| 700 | _aSarkar, Sarbani | ||
| 999 |
_c481558 _d481558 |
||